PECULIARITIES OF RICKETTSIA PROWAZEKII IN THE CELL CULTURE AS REVEALED BY CRYOULTRAMICROTOMY

Bibliographic Details
Main Authors: Smirnova, N. S. (Author), Kokorin, I. N. (Author), Popov, V. L. (Author)
Format: Article
Language:English

MARC

LEADER 00000nab a2200000uu 4500
001 vtls011455477
003 SK-MaSNL
005 20260303183014.0
008 230222|1986 xo |||||||||||||||||eng|
015 |a SNBRB 
035 |a (urnnbn)urn:nbn:sk:snk:ar-a07s4q 
035 |a (uuid)02e21c93-a638-40dc-b051-a66839dccc66 
035 |a urn:nbn:sk:snk-abcqik 
040 |a SNKBUCL  |b slo  |c SNKBUCL  |e AACR2 
041 0 |a eng 
044 |a xo  |c SK 
100 1 |a Smirnova, N. S.  |4 aut  |9 945135 
245 1 0 |a PECULIARITIES OF RICKETTSIA PROWAZEKII IN THE CELL CULTURE AS REVEALED BY CRYOULTRAMICROTOMY  |c N. S. Smirnova, V. L. Popov, I. N. Kokorin 
700 1 |a Kokorin, I. N.  |4 aut  |9 945137 
700 1 |a Popov, V. L.  |4 aut  |9 925146 
773 0 |t Acta virologica  |g Roč. 30, č. 5 (1986), s. 436-[448o] 
958 |a OND 
958 |a EUIPO 
958 |a article16 
999 |c 2119010  |d 2120940